000 00651nam a2200169 a 4500
001 000045751
005 20201002052426.0
008 150511s2014 dr ac 000 0 spa d
040 _aDO-SdBNP
_bspa
_cBNPHU
082 _axxxx
_bxxxx
100 1 _aVásquez, Inocencia,
_d1952-
_973819
245 1 3 _aEl poder de la fe en la oración ante la justicia divina y datos biográficos /
_cInocencia Vásquez.
260 _aSanto Domingo :
_bs. n.,
_c2014.
300 _a137 p. :
_bil., retrs. ;
_c21 cm.
500 _aLa biblioteca posee 1 ejemplar autografiado por la autora.
500 _aIncluye datos biográficos de la autora en la solapa de la contracubierta
999 _c45240
_d45240